00677nam a2200241 a 4500001001300000003000900013005001700022008004100039020000800080082001300088100002200101245002700123260004300150300000900193500003500202505001000237650001500247700002200262902000800284942000700292952012100299999001500420nice12345678IN_TiNIC20260116011420.0050524s1957 lona grp 000 0 eng  ac000a192bRUS aRussell, Bertrand aProblems of Philosophy aLondonbOxford University Press c1957 a167p aincludes index and biblioraphy2 aIndex aPhilosophy1 aRussell, Bertrand bSRS cBK 001040708StackRoom-aHMIbHMId2005-05-24g0.00l5o192 RUSp02232r2023-07-07s2023-06-27v0.00w2005-05-24yBK c1329d1329